Suplemento al Barcelonés : del 16 de junio de 1848 del 16 de junio de 1848
Descripción Física:
4 p. ; 31 cm
Materias:
Places -- Barcelona
MARC
| LEADER | 00000nam a2200000Ia 4500 | ||
|---|---|---|---|
| 001 | |||
| 008 | 160829s1848 xx 000 0 cat d | ||
| 080 | |a 902, exp. 36 | ||
| 245 | |a Suplemento al Barcelonés : |b del 16 de junio de 1848 | ||
| 260 | |a Barcelona : |b Imprenta de D. M.Saurí, |c 1848 | ||
| 300 | |a 4 p. ; |c 31 cm | ||
| 590 | |a Inclou el concurs públic per al projecte de la nova plaça en el local dels caputxins | ||
| 650 | |a Places |x Barcelona |9 48379 | ||
| 901 | |a Arxiu | ||
| 942 | |n 1 | ||
| 952 | |0 0 |1 0 |4 0 |6 902_EXP_36 |7 1 |9 54503 |a Arxiu |b Arxiu |d 2016-12-01 |l 0 |o 902, exp. 36 |r 2016-12-01 00:00:00 |w 2016-12-01 |y ARXIU | ||
| 999 | |c 58372 |d 58372 | ||